Catálogo

Vista normal Vista MARC

Entrada Personal Name

Número de registros utilizados en: 1

001 - CONTROL NUMBER

  • control field: 5234

003 - CONTROL NUMBER IDENTIFIER

  • control field: OSt

005 - DATE AND TIME OF LATEST TRANSACTION

  • control field: 20180716123731.0

008 - FIXED-LENGTH DATA ELEMENTS

  • fixed length control field: 170809 a|ac|n|aab||||||||||||a |n|||||||

010 ## - LIBRARY OF CONGRESS CONTROL NUMBER

  • LC control number: 50027410

040 ## - CATALOGING SOURCE

  • Original cataloging agency: DLC
  • Language of cataloging: spa
  • Description conventions: rda
  • Transcribing agency: Mx-PuUPA
  • Modifying agency: DLC

046 ## - SPECIAL CODED DATES

  • Birth date: 1932

100 1# - HEADING--PERSONAL NAME

  • Personal name: Hefner, Philip J.
  • Dates associated with a name: 1932

370 ## - ASSOCIATED PLACE

  • Place of birth: Denver (Carolina)
  • Associated country: Estados Unidos
  • Source of term: naf

372 ## - FIELD OF ACTIVITY

  • Field of activity: teología sistemática
  • Field of activity: filosofía de la religión
  • Field of activity: teología de la cultura

374 ## - OCCUPATION

  • Occupation: teólogo
  • Occupation: filósofo
  • Occupation: profesor universitario

375 ## - GENDER

  • Gender: hombre
  • Start period: 1932

377 ## - ASSOCIATED LANGUAGE

  • Language code: eng
  • Source of code: MARC code list for languages

670 ## - SOURCE DATA FOUND

  • Source citation: The human factor, 1993:
  • Information found: t.p. (Philip Hefner)

670 ## - SOURCE DATA FOUND

  • Source citation: Biblioteca del Congreso (Estados Unidos), 09 agosto 2017:
  • Information found: catálogo electrónico
  • Uniform Resource Identifier: https://goo.gl/gcU95E